000 01587cam a22001934a 4500
005 20250605164040.0
008 250528s ||||||||||||||||||||||||d
035 _a16966
020 _a9603444235
040 _aGR-AtMCL
_bgre
_dGR-AtMCL
_eAACR2
245 1 _aΗ Επιβίωση στις Ομάδες / Βασικές Αρχές της Συμμετοχής στις Ομάδες
260 _bΕλληνικά Γράμματα,
_c1997
300 _a280
520 _aΤο βιβλίο αυτό εξετάζει την ''επιβίωση'' του ατόμου σε μια ομάδα,δηλαδή τις συνθήκες της συμμετοχής και παραμονής των ανθρώπων ως μελών σε οποιαδήποτε ομάδα. Το Βιβλίο: Στόχοι και Βάσεις και Χρήση του, Ομάδες: Πώς Ορίζονται;, Τρόποι Θεώρησης των Ομάδων: Ερμηνείες και Θεωρίες, Οι ''Διεργασίες'' στις Ομάδες, Παρουσίαση και Αντίληψη και Επικοινωνία και Διαφορά και Πηγές, Η Επιβίωση στις Ομάδες, Οι Ανταμοιβές και το Κόστος και οι Κίνδυνοι της Συμμετοχής σε μια Ομάδα, Επιδράσεις στα Αποτελέσματα της Ομάδας, Μάθηση από την Εμπειρία, Βιογραφικά Στοιχεία του Συγγραφέα.
700 1 _aDouglas Tom
_93088
942 _cBK
999 _c2409
_d2409